00661nam a2200181 a 450000100100000000500170001000800410002704000250006808200170009310000300011024500940014026000670023430000200030150000700032165000500039165000200044165000180046100002811220260120073950.0110406s1988 dr 001 0 spa d aDO-SdBNPbspacBNPHU a231.7bF634u1 aFlores Santana, Juan Ant.14aLos últimos sucesos del hombre y su situación definitiva /cJuan Ant. Flores Santana. aLa Vega, República Dominicana :bObispado de la Vega,c1988. a63 p. ;c21 cm. aIncluye referencias bibliográficas y notas al pie de páginas. 4aMediación entre dios y hombrexCristianismo 0aVida espiritual 4aTemor de dios